000 00482nam a2200181Ia 4500
008 240925s9999 xx 000 0 und d
020 _a8170297585
082 _a004.65 MCC
100 _aJohn, Mecoy
245 0 _aMastering Web Design
250 _aNA
260 _aNew Delhi:
_bBPB Publication
_c,1996.
300 _axvi,218p.
_bNA
_fOriginal
500 _aIncludes Index
600 _aComputer Science
650 _aComputer science, information & general works
942 _cBK
999 _c3924
_d3924